000 00723nam a2200265Ia 4500
005 20260121170648.0
008 008 260114s9999 xx 000 0 eng d
020 _a9783319897073
037 _aEBOOK
040 _aCRL
040 _beng
040 _cCRL
041 _2eng
041 _aeng
084 _qCRL
100 _aBenmounah Abdelbaki, Brahim Safi, Mohammed Saidi
_91066622
245 0 _aProceedings of the Third International Symposium on Materials and Sustainable Development
260 _bSpringer
260 _bSpringer
260 _c2018
856 _uhttps://link.springer.com/openurl?genre=book&isbn=978-3-319-89707-3
942 _cEBOOK
999 _c1632352
_d1632352